Le grand monde, (Record no. 124936)
[ view plain ]
| 000 -LEADER | |
|---|---|
| fixed length control field | 00519cam a22001937 4500 |
| 001 - CONTROL NUMBER | |
| control field | 8652837 |
| 003 - CONTROL NUMBER IDENTIFIER | |
| control field | ARRUPE |
| 005 - DATE AND TIME OF LATEST TRANSACTION | |
| control field | 20160811144604.0 |
| 008 - FIXED-LENGTH DATA ELEMENTS--GENERAL INFORMATION | |
| fixed length control field | 910523s1961 fr 000 0 fre |
| 010 ## - LIBRARY OF CONGRESS CONTROL NUMBER | |
| LC control number | ltf91057037 |
| 040 ## - CATALOGING SOURCE | |
| Original cataloging agency | DLC |
| Transcribing agency | DLC |
| Modifying agency | DLC |
| 050 00 - LIBRARY OF CONGRESS CALL NUMBER | |
| Classification number | PQ2607.E673G7 |
| 300 ## - PHYSICAL DESCRIPTION | |
| Dimensions | 17cm. |
| 100 1# - MAIN ENTRY--PERSONAL NAME | |
| Personal name | Des Cars, Guy. |
| 9 (RLIN) | 24860 |
| 245 13 - TITLE STATEMENT | |
| Title | Le grand monde, |
| Statement of responsibility, etc | by Des Cars, Guy |
| 260 ## - PUBLICATION, DISTRIBUTION, ETC. (IMPRINT) | |
| Place of publication, distribution, etc | Paris, |
| Name of publisher, distributor, etc | Flammarion, |
| Date of publication, distribution, etc | [1961] |
| 300 ## - PHYSICAL DESCRIPTION | |
| Extent | 615 p.; |
| 906 ## - LOCAL DATA ELEMENT F, LDF (RLIN) | |
| a | 0 |
| b | cbc |
| c | premunv |
| d | u |
| e | ncip |
| f | 19 |
| g | y-gencatlg |
| 942 ## - ADDED ENTRY ELEMENTS (KOHA) | |
| Source of classification or shelving scheme | Library of Congress Classification |
| Koha item type | Monograph ( Printed materials) |
| Withdrawn status | Lost status | Source of classification or shelving scheme | Damaged status | Not for loan | Collection code | Home library | Current library | Shelving location | Date acquired | Total Checkouts | Full call number | Barcode | Date last seen | Price effective from | Koha item type |
|---|---|---|---|---|---|---|---|---|---|---|---|---|---|---|---|
| Library of Congress Classification | Main Collection | ARRUPE LIBRARY | ARRUPE LIBRARY | Main Collection | 11/08/2016 | PQ2607.E673G7 | 46500008525 | 26/03/2019 | 11/08/2016 | Monograph ( Printed materials) |